AFL general knowledge - Statistics

General Stats
  • This quiz has been taken 614 times
  • The average score is 5 of 10
Answer Stats
Question Answer % Correct
Who has won 4 premierships in a row? Collingwood
84%
Who won the first AFL/VFL premiership? Essendon
81%
Who has got the most wooden spoons? St Kilda
66%
When did the Greater Western Sydney Giants join the AFL? 2011
64%
Why where some Essendon players banned in 2016? Drugs
64%
When did AFL start? 1897
51%
Who has won the most premierships? Carlton and Essendon
45%
When did hawthorn win their first premiership? 1961
29%
What was the name of the Western Bulldogs before it merged? Footscray Bulldogs
29%
Which teams have never won a premiership? GWS, Gold Coast and Fremantle
5%
No matching quizzes found
Score Distribution
Percent of People with Each Score
Percentile by Number Answered
Your Score History
You have not taken this quiz